Biophysical chemistry: membranes and proteins (Record no. 1215409)

MARC details
000 -LEADER
fixed length control field 01056nam a2200289Ia 4500
003 - CONTROL NUMBER IDENTIFIER
control field OSt
005 - DATE AND TIME OF LATEST TRANSACTION
control field 20221007125513.0
008 - FIXED-LENGTH DATA ELEMENTS--GENERAL INFORMATION
fixed length control field 221006b |||||||| |||| 00| 0 eng d
020 ## - INTERNATIONAL STANDARD BOOK NUMBER
International Standard Book Number 0854048510 (hbd)
037 ## - SOURCE OF ACQUISITION
Terms of availability Textual
040 ## - CATALOGING SOURCE
Original cataloging agency CDL
Transcribing agency CDL
Language of cataloging eng
041 ## - LANGUAGE CODE
Source of code eng
Language code of text/sound track or separate title eng
100 ## - MAIN ENTRY--PERSONAL NAME
Personal name Templer Richard H Ed.
9 (RLIN) 722037
245 #0 - TITLE STATEMENT
Title Biophysical chemistry: membranes and proteins
Remainder of title Leatherbarrow Robin Ed.
260 ## - PUBLICATION, DISTRIBUTION, ETC.
Place of publication, distribution, etc. Cambridge
Name of publisher, distributor, etc. Royal Society of Chemistry
Date of publication, distribution, etc. 2002
300 ## - PHYSICAL DESCRIPTION
Extent ix, 280p
Dimensions cm.
500 ## - GENERAL NOTE
General note Includes bibliographical references; Index 277-280p
650 ## - SUBJECT ADDED ENTRY--TOPICAL TERM
Topical term or geographic name entry element Biophysical chemistry
650 ## - SUBJECT ADDED ENTRY--TOPICAL TERM
Topical term or geographic name entry element Chemistry
700 ## - ADDED ENTRY--PERSONAL NAME
Personal name Leatherbarrow Robin Ed.
9 (RLIN) 722038
942 ## - ADDED ENTRY ELEMENTS (KOHA)
Classification part E9G:(C), P2 Carc
Koha item type Textual
Source of classification or shelving scheme Colon Classification (CC)
Holdings
Withdrawn status Lost status Source of classification or shelving scheme Damaged status Not for loan Home library Current library Date acquired Source of acquisition Cost, normal purchase price Total Checkouts Full call number Barcode Date last seen Cost, replacement price Price effective from Koha item type
    Colon Classification (CC)     Department of Chemistry Library Department of Chemistry Library 2022-10-07 836/2004-05, 27/04/2004, Educational Book Agency (India) 7100.93   E9G:(C) P2 Carc CD0007015 2022-10-07 7100.93 2022-10-07 Textual
Copyright @ Delhi University Library System